Filosofía del derecho

Na minha lista:
Detalhes bibliográficos
Autor principal: López Calera, Nicolás María (autor)
Formato: Livro
Idioma:espanhol
Publicado em: Granada Comares 1992
Assuntos:
Tags: Adicionar Tag
Sem tags, seja o primeiro a adicionar uma tag!

MARC

LEADER 00000nam a2200000 a 4500
001 UCX8871
003 CL-VaPUC
008 940503e19920000SP |||||||||||||||||spa|d
082 0 4 |a 340.1  |b LOP  |2 21 
100 |a López Calera, Nicolás María  |e autor  |9 487227 
245 1 0 |a Filosofía del derecho 
300 |a 245 p 
942 |c BK 
945 |d 19940503 00:00:00  |a aalvarez 
260 |a Granada  |b Comares  |c 1992 
650 0 |a Filosofía del derecho   |9 255050 
583 |a last modification  |c 19940503 00:00:00  |k Rodrigo Vera 
999 |c 228251  |d 228249 
952 |0 0  |1 0  |4 0  |6 340_100000000000000_LOP_1992  |7 0  |8 DER_TF  |9 228100  |a BIBDER  |b BIBDER  |d 2019-11-15  |i 2974290  |o 340.1 LOP 1992  |p 2974290  |r 2023-01-25  |w 2019-11-15  |x Ubicación 4to Piso  |y BK  |z Estos recursos deben solicitarse con anticipación  |k DER